Đóng rắn quan hóa polyeste không no trong sự có mặt của benzoin metyl ete = Photocuring of unsaturated polyester in the presence of benzoin methyl ether /

Сохранить в:
Библиографические подробности
Главный автор: Nguyễn Văn Khôi.
Другие авторы: Đỗ Quang Kháng.
Формат: Статья
Язык:Vietnamese
Метки: Добавить метку
Нет меток, Требуется 1-ая метка записи!
Thư viện lưu trữ: Thư viện Trường Đại học Đà Lạt
LEADER 00807nam a2200241 4500
001 DLU140165456
005 ##20141112
040 # # |a DLU  |b vie 
041 # # |a vie 
044 # # |a vn 
100 # # |a Nguyễn Văn Khôi. 
245 # # |a Đóng rắn quan hóa polyeste không no trong sự có mặt của benzoin metyl ete =  |b Photocuring of unsaturated polyester in the presence of benzoin methyl ether /  |c Nguyễn Văn Khôi, Đỗ Quang Kháng. 
700 # # |a Đỗ Quang Kháng. 
773 # # |t Hóa học  |g Số 2, 1998, tr. 83-86 
920 # # |a Phòng Tạp chí -- Trung tâm Thông tin - Thư viện Trường Đại học Đà Lạt 
994 # # |a DLU 
900 # # |a True 
911 # # |a Hoàng Thị Huyền 
925 # # |a G 
926 # # |a A 
927 # # |a BB 
980 # # |a Thư viện Trường Đại học Đà Lạt